Intercultural communication : a reader

Guardat en:
Dades bibliogràfiques
Autors principals: Samovar, Larry A (Autor), Porter, Richard E (Autor)
Format: Llibre
Idioma:anglès
Publicat: Belmont Wadsworth Publishing Company 1999
Edició:9a. ed
Matèries:
Etiquetes: Afegir etiqueta
Sense etiquetes, Sigues el primer a etiquetar aquest registre!

MARC

LEADER 00000nam a2200000 a 4500
001 UCO1354
003 CL-VaPUC
008 000512e19990000US |||||||||||||||||eng|d
082 0 4 |a 303.482  |b SAM  |2 21 
100 0 |a Samovar, Larry A  |e author  |9 443402 
700 0 |a Porter, Richard E  |e author  |9 443403 
245 1 0 |a Intercultural communication : a reader 
250 |a 9a. ed 
300 |a 470 p 
942 |c BK 
945 |d 20000512 00:00:00  |a rbrito 
260 |a Belmont  |b Wadsworth Publishing Company  |c 1999 
650 0 |a Aculturación   |9 307938 
650 0 |a Cultura  |9 269059 
650 0 |a Comunicación   |9 257251 
650 0 |a Lenguaje y lenguas  |9 265846 
583 |a last modification  |c 20000512 00:00:00  |k Rodrigo Vera 
999 |c 287982  |d 287980 
952 |0 0  |1 0  |4 0  |6 303_482000000000000_SAM_1999  |7 0  |8 A  |9 335109  |a BIBEDU  |b BIBEDU  |d 2019-11-20  |i 3610551  |l 1  |o 303.482 SAM 1999  |p 3610551  |r 2024-11-11  |s 2024-11-04  |w 2019-11-20  |y BK  |k CIT